Wymień kraje których ligi mają lepszy współczynnik UEFA niż Ekstraklas - Statystyki

Ogólne statystyki
  • Ten quiz został rozwiązany 133 razy
  • Średni wynik to 15 z 17
Statystyki odpowiedzi
Punkty Odpowiedź % Poprawnych
89.160 Anglia
98%
57.736 Francja
98%
73.989 Hiszpania
98%
71.660 Niemcy
98%
79.106 Włochy
98%
48.416 Portugalia
97%
53.900 Holandia
94%
42.400 Belgia
91%
26.325 Dania
89%
33.550 Czechy
87%
28.000 Austria
85%
26.625 Grecja
83%
26.575 Szwajcaria
83%
33.600 Turcja
83%
27.875 Norwegia
79%
27.500 Szkocja
78%
28.750 Izrael
48%
Nie znaleziono quizów pasujących do podanych kryteriów
Rozkład punktacji
Procent ludzi z każdym wynikiem
Percentyl według liczby udzielonych odpowiedzi
Twoja historia wyników
Nie rozwiązałeś tego quizu